Solution of problems in strength of materials and mechanics of solids (Record no. 57899)

MARC details
000 -LEADER
fixed length control field 00549nam a2200157 a 4500
008 - FIXED-LENGTH DATA ELEMENTS--GENERAL INFORMATION
fixed length control field 120416s0000 ||||||||||||||||| || u
020 ## - INTERNATIONAL STANDARD BOOK NUMBER
International Standard Book Number 0273361902
050 ## - LIBRARY OF CONGRESS CALL NUMBER
Classification number TA 405 Urr
100 ## - MAIN ENTRY--PERSONAL NAME
Personal name Urry, S. A
245 10 - TITLE STATEMENT
Title Solution of problems in strength of materials and mechanics of solids
250 ## - EDITION STATEMENT
Edition statement SI metric
260 ## - PUBLICATION, DISTRIBUTION, ETC.
Place of publication, distribution, etc. London
Name of publisher, distributor, etc. Pitman
Date of publication, distribution, etc. 1976
300 ## - PHYSICAL DESCRIPTION
Extent xi, 504p. : ill
350 ## - PRICE (NR) (BK AM CF MU VM SE) [OBSOLETE]
Price 0.00
995 ## - RECOMMENDATION 995 [LOCAL, UNIMARC FRANCE]
-- 0.00
-- CBU-MAIN LIBRARY (Kitwe)
-- 1
-- 4.95
-- AVAILABLE
-- Main Library Open Access Collection
Holdings
Withdrawn status Lost status Source of classification or shelving scheme Damaged status Not for loan Home library Current library Shelving location Date acquired Total Checkouts Full call number Barcode Date last seen Price effective from Koha item type
          CBU-MAIN LIBRARY, KITWE. CBU-MAIN LIBRARY, KITWE.   11/30/2022   TA 405 Urr 014830 11/30/2022 11/30/2022 MONOGRAPH